| 000 | 00710nam a2200253 i 4500 | ||
|---|---|---|---|
| 003 | DO-SdBNP | ||
| 005 | 20241011152248.0 | ||
| 007 | ta | ||
| 008 | 240410s2011 dr 000 p spa d | ||
| 020 | _a9781458396891 | ||
| 040 |
_aDO-SdBNP _bspa _cBNPHU _erda |
||
| 082 | 4 |
_bG146m _222 |
|
| 100 | 1 |
_4Galán, Glenda, _aautor _eaut. _986687 |
|
| 245 | 1 | 0 |
_aMar de fugas / _cGlenda Galán |
| 264 | 4 |
_aSanto Domingo : _bEditores MediaIsla, _c2011. |
|
| 300 |
_a62 páginas _c21 cm. |
||
| 336 |
_atexto _btxt _2rdacontent |
||
| 337 |
_asin mediación _bn _2rdamedia |
||
| 338 |
_avolumen _bnc _2rdacarrier |
||
| 490 |
_aAndar de ciego ; _v6 |
||
| 590 | _aInventariado, 2024 / DG | ||
| 910 | _aDG | ||
| 942 |
_2ddc _cLBS1 |
||
| 999 |
_c57805 _d57805 |
||